Les citations de Star Wars - Statistiques

Statistiques générales
  • Ce quiz a été pris 5 613 fois
  • Le résultat moyen est 13 sur 15
Statistiques - réponses
Question Réponse % Correct
Qui a dit: Je te hais ! Anakin Skywalker
98%
Qui a dit: Non Luke, Je suis ton père Dark Vador
97%
Qui dit: Exécuter l'ordre 66 Dark Sidious
96%
Qui a dit: Au nom de l'assemblée du senat de la république vous êtes en état d'arrestation chancelier Mace Windu
96%
Qui a dit: Salut à tous ! Obi Wan Kenobi
94%
Qui dit: Tu as laissé ce seigneurs noir des siths corrompre ton cœur Obi Wan Kenobi
94%
Qui a dit: J'ai su qu'un nouvel apprenti vous aviez Empereur ou devrai-je dire Dark Sidious Maître Yoda
93%
Qui a dit: Tu siègera au conseil Mais nous ne t'accordons pas le rang de maître Mace Windu
91%
Qui a dit: Aucune limite à mon pouvoir Dark Sidious/Sheev Palpatine
88%
Qui a dit: C'est mal connaître mes nouveaux pouvoirs Anakin Skywalker
83%
Qui a dit: Non reviens je t'aime Toujours Padmé Amidala
83%
Qui a répondu: Je sais (Dans L'empire contre attaque) Han Solo
76%
Qui a dit: Nan ce n'ai pas vrai c'est impossible Luke Skywalker
76%
Qui a dit: Anakin Skywalker en vu de votre réputation je vous imaginais plus vieux Général Grievious
70%
Qui a dit: Vous ne manquez pas d'audace Général Grievious
66%
Aucun quiz correspondant
Distribution des résultats
% des personnes avec chaque résultat
Percentile par nombre de réponses
Votre historique - résultats
Vous n’avez pas pris ce quiz